000 00826nam a2200217 a 4500
005 20260417064127.0
008 991125s1928 mx 000 0 spa u
035 _aUPN01000006431
049 _aSEP
050 4 _aLB775.6 R34.1
_bC36
100 1 _aRamírez Castañeda, Rafael,
_d1885-1959
245 1 0 _aCampaña pro-cálculo en las escuelas rurales :
_bconsejos metodológicos /
_cpor Rafael Ramírez.
260 _aMéxico :
_bTalleres Gráficos de la Nación,
_c1928.
300 _a11 p.
440 0 _aSecretaría de Educación Pública ;
_pPublicaciones ;
_v17, no.19
500 _aDisponible en la Colección Medina
650 4 _aAritmética
_xEstudio y enseñanza (Elemental)
_95289
650 4 _aCálculo
_xEstudio y enseñanza (Elemental)
_94514
650 4 _aEducación rural
_vPlanes y programas
_96388
905 _aLibro
999 _c6431
_d6431